Velká přeměna českého teplárenství je v plném proudu
Česká republika sa bude musieť už za niekoľko rokov obísť bez uhlia. Pre domáce teplárenstvo to bude znamenať veľkú transformáciu v podobe prestavby na nízkoemisné biomasové a plynové zdroje. Jedine tak bude možné zachovať fungujúci a preverený systém centrálneho zásobovania teplom.
Saved in:
| Main Author: | |
|---|---|
| Format: | Book Chapter |
| Language: | Czech |
| Subjects: | |
| Tags: |
No Tags, Be the first to tag this record!
|
MARC
| LEADER | 00000naa a2200000 4500 | ||
|---|---|---|---|
| 001 | 0312044 | ||
| 005 | 20250903131328.4 | ||
| 041 | 0 | |a cze | |
| 044 | |a CZ | ||
| 245 | 1 | 0 | |a Velká přeměna českého teplárenství je v plném proudu |c Kamil Čermák |
| 520 | |a Česká republika sa bude musieť už za niekoľko rokov obísť bez uhlia. Pre domáce teplárenstvo to bude znamenať veľkú transformáciu v podobe prestavby na nízkoemisné biomasové a plynové zdroje. Jedine tak bude možné zachovať fungujúci a preverený systém centrálneho zásobovania teplom. | ||
| 610 | 2 | 0 | |a teplárenstvo |
| 610 | 2 | 0 | |a transformácia |
| 610 | 2 | 0 | |a biomasa |
| 610 | 2 | 0 | |a plyn zemný |
| 610 | 2 | 0 | |a environmentalistika |
| 610 | 2 | 0 | |a emisie |
| 610 | 2 | 0 | |a Česko |
| 100 | 1 | |a Čermák, Kamil | |